书目信息 |
| 题名: |
关于巴黎公社报刊消息摘录
|
|
| 作者: | 马克思 著 ;吴惕安 译 | |
| 分册: | ||
| 出版信息: | 北京 商务印书馆 1975 |
|
| 页数: | 493页 | |
| 开本: | 20cm | |
| 丛书名: | ||
| 单 册: | ||
| 中图分类: | A123 | |
| 科图分类: | ||
| 主题词: | 马恩著作--单行本--1864~1872年 | |
| 电子资源: | ||
| ISBN: | ||
| 000 | 00653nam0 2200229 45 | |
| 001 | 0175004239 | |
| 005 | 20050512084511.9 | |
| 010 | @dCNY1.45 | |
| 091 | @a3017.154 | |
| 100 | @a19950724d1975 em y0chiy0121 ea | |
| 101 | 1 | @achi |
| 102 | @aCN@b110000 | |
| 105 | @ay z 000yy | |
| 200 | 10 | @a关于巴黎公社报刊消息摘录@AGuan Yu Ba Li Gong She Bao Kan Xiao Xi Zhai Lu@f马克思著@FMa Ke Si Zhu@g吴惕安等译 |
| 210 | @a北京@c商务印书馆@d1975 | |
| 215 | @a493页@d20cm | |
| 606 | 0 | @a马恩著作@x单行本@z1864~1872年 |
| 690 | @aA123@v3 | |
| 701 | 0 | @a马克思@4著 |
| 702 | 0 | @a吴惕安@Awu ti an@4译 |
| 801 | @aCN@bTSTC@c20031204 | |
| 905 | @dA123@e2@f1@b28380 | |
| 关于巴黎公社报刊消息摘录/马克思著/吴惕安等译.-北京:商务印书馆,1975 |
| 493页;20cm |
| ISBN :CNY1.45 |
| ● |
| 相关链接 |
|
|
|
|
正题名:关于巴黎公社报刊消息摘录
索取号:A123/2
 
预约/预借
| 序号 | 登录号 | 条形码 | 馆藏地/架位号 | 状态 | 备注 |
| 1 | 0028380 | 002045334 | 第一样本阅览室/ [索取号:A123/2] | 在馆 |